000 01335njm a22002777a 4500
005 20100910134141.0
007 sd ammalaaahaa
008 100904t xxu||||| |||| 00| 0 hin d
028 _aN. 55553
_bHis Master's Voice
028 _aOJE. 26911
_bHis Master's Voice
028 _aOJE. 26915
_bHis Master's Voice
035 _aGR-01721
040 _aSED/VEN
100 _aMohammed Rafi
_91184
245 _aNight In London; Part-1:
_bHindustani /
_cby Mohammed Rafi; Music Dtn.by Laxmikant Pyarelal; Lyric by Anand Bakshi
_h[Sound Recording] :
246 _aनाहिट इन लन्दन (मोहम्मद रफ़ी)
260 _aDum Dum, India :
_bHis Master's Voice
300 _a1 sound disc [Gramophone Recording] :
_banalog, 33 1/3 rpm ;
_c10 in.
_fGramophone Records
500 _aBrief Records
505 _aSong Side-1; ओ मेरे यार टोमी (नाहिट इन लन्दन) (मोहम्मद रफ़ी) Song Side-2;,मेरा नाम है जमीला (लता मंगेशकर & चोरुस) Part 2
650 _aClassical Music
_xExcerpts
_zIndia
_918309
700 _919413
_aMangeshkar, Lata
700 _aChorus
_919439
942 _2ddc
_cGR
999 _c45094
_d45094